Tutti i Circuiti della Formula Uno - Statistics

Statistiche generali
  • Questo quiz è stato fatto 326 volte
    248 dall'ultimo reset
  • Il punteggio medio è 28 su 80
Statistiche sulle risposte
Nazione Tracciato % Corretto
Italia Monza
93%
Italia Imola
91%
Belgio SPA
87%
Australia Albert Park
83%
Monaco Monte Carlo
80%
Regno Unito Silverstone
80%
Azerbaijan Baku
79%
Arabia Saudita Jeddah
78%
Stati Uniti Miami
74%
Austria RedBull Ring
74%
Stati Uniti Las Vegas
73%
Stati Uniti COTA
70%
Italia Mugello
70%
Giappone Suzuka
69%
Canada Gilles Villeneuve
66%
Cina Shanghai
59%
Cina Shanghai
59%
Paesi Bassi Zandvoort
59%
Francia Paul Ricard
58%
Ungheria Hungaroring
57%
Russia Sochi
56%
Brasile Interlagos
54%
Germania Nurburgring
53%
Spagna Catalogna
51%
Portogallo Portimao
50%
Stati Uniti Indianapolis
48%
Spagna Valencia
47%
Emirati Arabi Uniti Yas Marina
47%
Qatar Losail
46%
Germania Hockenheim
45%
Italia Pescara
43%
Singapore Marina Bay
40%
Australia Adelaide
39%
Giappone Fuji
37%
Francia Le Mans
37%
Bahrain Sakhir
37%
Malesia Sepang
37%
Argentina Juan e Oscar Galvez
35%
Spagna Jerez
32%
Messico Hermanos Rodriguez
30%
Francia Magny-Cours
29%
Stati Uniti Detroit
28%
Portogallo Estoril
28%
Regno Unito Brands Hatch
27%
Belgio Zolder
27%
Sudafrica Kyalami
25%
Stati Uniti Dallas
23%
Turchia Istanbul Park
23%
India Buddh
20%
Regno Unito Donington Park
19%
Portogallo Porto
17%
Stati Uniti Phoenix
14%
Austria Zeltweg
14%
Germania AVUS
12%
Stati Uniti Long Beach
12%
Francia Reims
11%
Francia Digione
10%
Brasile Jacarepaguá
10%
Stati Uniti Watkins Glen
10%
Spagna Montjuic
9%
Giappone Aida
8%
Svezia Anderstorp
8%
Spagna Jarama
8%
Stati Uniti Sebring
8%
Corea del Sud Yeongam
8%
Canada Mosport
7%
Francia Clermont-Ferrand
6%
Canada Mont-Tremblant
6%
Marocco Ain-Diab
5%
Regno Unito Aintree
5%
Portogallo Boavista
5%
Svizzera Bremgarten
5%
Stati Uniti Caesars Palace
5%
Stati Uniti Riverside
5%
Francia Rouen
5%
Belgio Nivelles
4%
Spagna Pedralbes
4%
Portogallo Monsanto
3%
Sudafrica Prince George
3%
Portogallo Cascais
2%
Nessun quiz corrispondente trovato
Distribuzione punteggi
Percentuale di utenti per punteggio
Percentile per numero di risposta
I tuoi punteggi nel tempo
Non hai fatto questo quiz dall'ultimo reset